Sports Quiz

Random Sports or NFL Quiz

Tennessee Titans - All Scorers Since 2000 Quiz Stats

 Plays Quiz not verified by Sporcle

Score 0/137 Timer 20:00
0 Plays Today
Points Scored Player % Correct
24 PointsCorey Davis
100%
12 PointsDion Lewis
100%
6 PointsJayon Brown
100%
6 PointsMalcolm Butler
100%
350 PointsChris Johnson
90.7%
72 PointsMarcus Mariota
88.4%
12 PointsAndre Johnson
85.1%
90 PointsSteve McNair
83.7%
242 PointsEddie George
76.7%
30 PointsJonnu Smith
76.2%
164 PointsDelanie Walker
74.4%
1032 PointsRob Bironas
70.9%
138 PointsDerrick Henry
70.2%
30 PointsAdam Jones
69.8%
54 PointsBrandon Jones
68.6%
144 PointsLenDale White
66.3%
78 PointsRishard Matthews
66%
218 PointsDerrick Mason
65.1%
174 PointsNate Washington
65.1%
74 PointsVince Young
65.1%
36 PointsRoydell Williams
65.1%
30 PointsDamian Williams
64%
30 PointsJake Locker
64%
24 PointsAntowain Smith
64%
12 PointsLeon Washington
64%
6 PointsDaQuan Jones
63.8%
12 PointsChris Henry
62.8%
44 PointsTravis Henry
61.6%
108 PointsChris Brown
60.5%
12 PointsZach Brown
60.5%
6 PointsTony Brown
60.5%
114 PointsDemarco Murray
59.6%
108 PointsKendall Wright
59.3%
502 PointsRyan Succop
58.1%
118 PointsKenny Britt
58.1%
18 PointsMike Green
58.1%
72 PointsFrank Wycheck
55.8%
6 PointsKerry Collins
55.8%
211 PointsGary Anderson
50%
154 PointsDrew Bennett
50%
74 PointsKevin Dyson
50%
18 PointsAndre Dyson
50%
12 PointsLuke Stocker
50%
6 PointsDane Cruikshank
50%
6 PointsDarius Jennings
50%
6 PointsMyCole Pruitt
50%
Points Scored Player % Correct
24 PointsBishop Sankey
47.7%
24 PointsTajae Sharp
44.7%
6 PointsZach Mettenberger
44.2%
48 PointsJustin Hunter
43%
6 PointsEric Decker
42.9%
6 PointsMichael Griffin
40.7%
18 PointsAntonio Andrews
38.4%
12 PointsBilly Volek
38.4%
48 PointsJared Cook
37.2%
36 PointsKeith Bulluck
37.2%
36 PointsShonn Greene
37.2%
24 PointsCortland Finnegan
37.2%
78 PointsBo Scaife
36%
18 PointsJason McCourty
36%
18 PointsMarc Mariani
36%
24 PointsAnthony Fasano
36%
118 PointsAl Del Greco
33.7%
12 PointsSamari Rolle
32.6%
26 PointsDorial Green-Beckham
31.4%
18 PointsRyan Fitzpatrick
31.4%
12 PointsHarry Douglas
31.4%
6 PointsReynaldo Hill
31.4%
20 PointsDexter McCluster
30.2%
6 PointsRodney Thomas
30.2%
208 PointsJoe Nedney
29.1%
14 PointsAhmard Hall
29.1%
36 PointsCraig Stevens
25.6%
12 PointsAlterraun Verner
25.6%
72 PointsJustin Gage
24.4%
60 PointsJustin McCareins
24.4%
6 PointsTaylor Lewan
23.4%
12 PointsAlge Crumpler
20.9%
6 PointsChris Hope
20.9%
18 PointsJalston Fowler
19.8%
12 PointsLorenzo Neal
19.8%
6 PointsDaniel Graham
19.8%
6 PointsLamont Thompson
18.6%
6 PointsTaylor Thompson
18.6%
12 PointsTommie Campbell
17.4%
6 PointsDave Ball
17.4%
24 PointsJamie Harper
16.3%
12 PointsWesley Woodyard
16.3%
66 PointsErron Kinney
15.1%
42 PointsBen Troupe
15.1%
18 PointsJavon Ringer
15.1%
16 PointsCraig Hentrich
14%
Points Scored Player % Correct
12 PointsYancey Thigpen
12.8%
6 PointsJordan Babineaux
12.8%
26 PointsTyrone Calico
11.6%
12 PointsJackie Battle
11.6%
6 PointsBobby Myers
11.6%
6 PointsDavid Cobb
11.6%
12 PointsDonald Mitchell
10.5%
12 PointsJarrett Payton
10.5%
6 PointsCourtney Roby
10.5%
6 PointsDonnie Avery
10.5%
6 PointsKarl Klug
10.5%
6 PointsPhillip Supernaw
9.5%
18 PointsDarius Reynaud
9.3%
6 PointsLavelle Hawkins
9.3%
6 PointsTre McBride
9.3%
12 PointsBobby Wade
8.1%
6 PointsCoty Sensabaugh
8.1%
6 PointsMarqueston Huff
8.1%
14 PointsRobert Holcombe
7%
6 PointsChase Coffman
7%
24 PointsVincent Fuller
5.8%
12 PointsAntwan Odom
5.8%
6 PointsColin McCarthy
5.8%
6 PointsDerek Hagan
5.8%
6 PointsHenry Ford
5.8%
6 PointsPeter Sirmon
5.8%
6 PointsRandall Godfrey
5.8%
6 PointsSkip Hicks
5.8%
24 PointsJohn Simon
4.7%
12 PointsEddie Berlin
4.7%
12 PointsMichael Preston
4.7%
8 PointsRocky Boiman
4.7%
6 PointsBrad Kassell
4.7%
6 PointsWill Witherspoon
4.7%
5 PointsAaron Elling
4.7%
2 PointsJason Fisk
4.7%
18 PointsShad Meier
3.5%
18 PointsTroy Fleming
3.5%
6 PointsPerry Phenix
3.5%
6 PointsRich Coady
3.5%
6 PointsRoderick Hood
3.5%
2 PointsNick Schommer
3.5%
2 PointsRobert Reynolds
3.5%
12 PointsTaywan Taylor
0%
6 PointsAnthony Firkser
0%

You're not logged in!

Compare scores with friends on all Sporcle quizzes.
OR
Log In

You Might Also Like...

Show Comments

Extras

Top Quizzes Today


Score Distribution

Your Account Isn't Verified!

In order to create a playlist on Sporcle, you need to verify the email address you used during registration. Go to your Sporcle Settings to finish the process.

Report this User

Report this user for behavior that violates our Community Guidelines.

Details: